| 000 | 00751cam a2200241 a 4500 | ||
|---|---|---|---|
| 001 | 17405387 | ||
| 005 | 20171215081923.0 | ||
| 008 | 120727s2013 nyuab b 001 0 eng | ||
| 010 | _a 2012027834 | ||
| 020 | _a9780393912388 (pbk.) | ||
| 040 |
_aDLC _cDLC _dDLC |
||
| 041 | _aeng | ||
| 042 | _apcc | ||
| 080 | _a327 FRI | ||
| 082 | 0 | 0 |
_a327 FRI _223 |
| 100 | 1 | _a19 | |
| 101 | _aPOL | ||
| 245 | 1 | 0 |
_aWorld politics : _cJeffry A. Frieden, David A. Lake, Kenneth A. Schultz. |
| 504 | _aIncludes bibliographical references and index. | ||
| 906 |
_a7 _bcbc _corignew _d1 _eecip _f20 _gy-gencatlg |
||
| 942 |
_2ddc _cBK |
||
| 999 |
_c39028 _d39028 |
||